[Event "4NCL Division 4 South"]
[Site "Reading, ENG"]
[Date "2018.03.25"]
[Round "8.94"]
[White "Sloan, Hamish"]
[Black "Lim, Mark"]
[Result "0-1"]
[WhiteElo "1523"]
[BlackElo "1834"]
[PlyCount "108"]
[EventDate "2018.03.25"]

1. e4 e6 2. d4 d5 3. Nd2 c5 4. c3 cxd4 5. cxd4 dxe4 6. Nxe4 Nf6 7. Nc3 Be7 8.
Bb5+ Bd7 9. Bxd7+ Qxd7 10. Nf3 O-O 11. O-O Nc6 12. Be3 Rfd8 13. Ne5 Qe8 14.
Nxc6 Qxc6 15. Qb3 Nd5 16. Rac1 Nxe3 17. fxe3 Bg5 18. Ne2 Qe4 19. Rc3 Rac8 20.
Ng3 Rxc3 21. bxc3 Bxe3+ 22. Kh1 Qc6 23. Ne2 b6 24. Rf3 Bh6 25. Rd3 Qe4 26. Qd1
Qd5 27. Qb3 Qe4 28. Qd1 Bf4 29. Nxf4 Qxf4 30. Rf3 Qc7 31. Qe2 h6 32. Qb2 Rd5
33. g3 Ra5 34. Kg1 Qb7 35. Rf2 Qe4 36. Qc2 Qe1+ 37. Kg2 Qe3 38. Re2 Qg5 39. Qe4
Qd5 40. Qxd5 Rxd5 41. Kf2 Kf8 42. Ke3 Ke7 43. Kd3 b5 44. Rb2 f5 45. a4 a6 46.
axb5 axb5 47. c4 bxc4+ 48. Kxc4 Kf6 49. Rd2 g5 50. Re2 f4 51. g4 Ra5 52. Kd3
Ra3+ 53. Ke4 Rh3 54. Rf2 Re3# 0-1

[Event "4NCL Division 4 South"]
[Site "Reading, ENG"]
[Date "2018.03.25"]
[Round "8.95"]
[White "Breed, Greg J"]
[Black "Faizi, Tariq"]
[Result "1/2-1/2"]
[WhiteElo "1762"]
[BlackElo "1441"]
[PlyCount "102"]
[EventDate "2018.03.25"]

1. d4 d5 2. Bf4 Nf6 3. e3 e6 4. Bd3 c5 5. c3 Qb6 6. Qc1 Nc6 7. Nd2 Bd7 8. Ngf3
Be7 9. h3 Rc8 10. O-O cxd4 11. exd4 Na5 12. Ne5 Bb5 13. Rb1 Bxd3 14. Nxd3 Nc4
15. Nxc4 Rxc4 16. Ne5 Rc8 17. Bg5 Qd8 18. Qd1 O-O 19. f4 Ne4 20. Bxe7 Qxe7 21.
f5 f6 22. Ng4 Ng3 23. Re1 Nxf5 24. Ne3 Nxe3 25. Rxe3 Qd6 26. Qe2 Rfe8 27. Re1
Rc6 28. h4 Qd7 29. Kh2 Qf7 30. g3 f5 31. Re5 Rd6 32. Qe3 Qg6 33. Qf4 Rb6 34.
R1e2 h5 35. Qf3 Rf8 36. Qe3 Rf6 37. Qd3 Qg4 38. Rg2 Rg6 39. Qe3 Ra6 40. a3 Rb6
41. Qe2 Rc6 42. Qxg4 hxg4 43. Rge2 b5 44. Kg2 Kf7 45. Kf2 Rh6 46. Ke3 Kf6 47.
Kf4 Rh8 48. Rh2 g6 49. Rhe2 a6 50. Re1 Rhc8 51. R5e3 Rb6 1/2-1/2

[Event "4NCL Division 4 South"]
[Site "Reading, ENG"]
[Date "2018.03.25"]
[Round "8.99"]
[White "Jaufarally, Nadia"]
[Black "Nelson, Omowale"]
[Result "0-1"]
[WhiteElo "1849"]
[BlackElo "1961"]
[PlyCount "76"]
[EventDate "2018.03.25"]

1. e4 c6 2. d4 d5 3. Nc3 dxe4 4. Nxe4 Bf5 5. Ng3 Bg6 6. h4 h6 7. Nf3 Nd7 8. h5
Bh7 9. Bd3 Bxd3 10. Qxd3 e6 11. Bd2 Qc7 12. O-O-O Ngf6 13. Kb1 Bd6 14. Ne4 Nxe4
15. Qxe4 O-O-O 16. Qe2 Rhe8 17. Bc3 Nf6 18. Ne5 Nd5 19. Qf3 Nxc3+ 20. Qxc3 c5
21. Nc4 Be7 22. dxc5 Qxc5 23. f4 f6 24. Rd3 Kb8 25. Rhd1 Qxh5 26. a3 Rxd3 27.
Rxd3 Qh1+ 28. Ka2 Qxg2 29. Rg3 Qd5 30. b3 g5 31. fxg5 hxg5 32. Rd3 Qc5 33. b4
Qc6 34. Qb3 Rc8 35. Ne3 a6 36. c3 f5 37. Qd1 Bf6 38. Qd2 Bxc3 0-1

[Event "4NCL Division 4 South"]
[Site "Reading, ENG"]
[Date "2018.03.25"]
[Round "8.99"]
[White "Karamazondo, Ernest"]
[Black "Sheikh, Nasarullah"]
[Result "1-0"]
[WhiteElo "1883"]
[BlackElo "1667"]
[PlyCount "133"]
[EventDate "2018.03.25"]

1. e4 c5 2. d4 cxd4 3. c3 d3 4. Bxd3 Nc6 5. Ne2 d6 6. O-O Nf6 7. Ng3 g6 8. Bg5
Bg7 9. Qc1 Qb6 10. Na3 Ne5 11. Be2 h5 12. Be3 Qd8 13. f3 h4 14. Nh1 a6 15. Nc4
Nxc4 16. Bxc4 Bd7 17. Qd2 Rc8 18. Bb3 Qc7 19. a4 a5 20. Nf2 Rh5 21. Nd3 b5 22.
Nf4 Rh7 23. axb5 Bxb5 24. Nd5 Nxd5 25. Qxd5 Bc4 26. Bxc4 Qxc4 27. Qxc4 Rxc4 28.
Rxa5 Kd7 29. Ra7+ Ke6 30. Kf2 Rh5 31. Ke2 Rb5 32. Kd3 Rc8 33. Rf2 f5 34. exf5+
Rxf5 35. Re2 Kf6 36. Bf2 Rd5+ 37. Kc2 e6 38. Bxh4+ g5 39. Bf2 Rb5 40. h4 Bh6
41. Rd7 Rc6 42. g4 gxh4 43. Bxh4+ Bg5 44. Bxg5+ Rxg5 45. Rd2 d5 46. Rd4 Re5 47.
f4 Re2+ 48. Rd2 Re4 49. Rf2 Rcc4 50. g5+ Kf5 51. Rf7+ Kg6 52. Rf6+ Kg7 53. Kd3
Re1 54. Re2 Rf1 55. Rexe6 Rcxf4 56. Re7+ Kg8 57. Rxf4 Rxf4 58. Re5 Rf2 59. b4
Rf3+ 60. Kd4 Kf7 61. Rxd5 Rg3 62. c4 Rg1 63. b5 Ke6 64. Kc5 Rb1 65. g6 Kf6 66.
Rd6+ Kg7 67. b6 1-0

[Event "4NCL Division 4 South"]
[Site "Reading, ENG"]
[Date "2018.03.25"]
[Round "8.99"]
[White "Sheikh, Anum"]
[Black "Charles, Simon"]
[Result "1/2-1/2"]
[WhiteElo "1513"]
[BlackElo "1735"]
[PlyCount "142"]
[EventDate "2018.03.25"]

1. e4 c5 2. Nf3 g6 3. d4 cxd4 4. Qxd4 Nf6 5. Nc3 Nc6 6. Qd1 Bg7 7. Bc4 O-O 8.
O-O d6 9. h3 a6 10. a4 Qa5 11. Be3 Ne5 12. Nxe5 dxe5 13. Qe2 Bd7 14. Rfd1 Bc6
15. Bd5 Rac8 16. Bxc6 Rxc6 17. Nd5 Nxd5 18. Rxd5 Qc7 19. c3 Rd8 20. Rad1 Rcd6
21. R1d2 Rxd5 22. Rxd5 Rxd5 23. exd5 Qd7 24. Qc4 $11 24... h5 25. Qb3 Kh7 26.
c4 f5 27. f3 Bf6 28. Qc2 e6 29. dxe6 Qxe6 30. b3 Qd7 31. Qd2 Qxd2 32. Bxd2 Kg8
33. Kf2 Kf7 34. Ke2 Ke6 35. Kd3 Kd7 36. Bb4 b6 37. Bd2 $11 37... Kc6 38. Be3
Be7 39. Bf2 Bd6 40. Be3 Bb4 41. Bf2 b5 42. Be3 bxa4 43. bxa4 Be1 44. Ke2 Bg3
45. Kd3 Be1 46. Ke2 Bb4 47. Kd3 Bc5 48. Bd2 Bd4 49. Bb4 g5 50. Be7 g4 51. hxg4
hxg4 52. fxg4 $11 52... Kd7 53. Bb4 fxg4 54. Ke4 Ke6 55. c5 a5 56. Ba3 Bc3 57.
c6 Bb4 58. Bb2 Bd6 59. Bc3 Bc7 60. g3 Kf6 61. Bb2 Ke6 62. Ba3 Bb6 63. Bf8 Bf2
64. c7 Kd7 65. Bd6 Bxg3 66. Kf5 Bf2 67. Kxg4 e4 68. Kf4 e3 69. Kf3 Kc8 70. Ke2
$11 70... Bg1 71. Bf4 Kb7 1/2-1/2

[Event "4NCL Division 4 South"]
[Site "Reading, ENG"]
[Date "2018.03.25"]
[Round "8.99"]
[White "Vig, Sanjay"]
[Black "Jaufarally, Mohammud"]
[Result "1/2-1/2"]
[WhiteElo "1615"]
[BlackElo "1540"]
[PlyCount "99"]
[EventDate "2018.03.25"]

1. e4 e5 2. f4 Nc6 3. Nf3 exf4 4. Bc4 Bc5 5. d4 Be7 6. Bxf4 d6 7. O-O Bg4 8.
Nc3 Qd7 9. h3 Bh5 10. d5 Ne5 11. Bxe5 dxe5 12. Nxe5 Bxd1 13. Nxd7 Bxc2 14. Bb5
O-O-O 15. Ne5 Nh6 16. Rac1 Bf6 17. Ng4 Nxg4 18. hxg4 Bxc3 19. Rxc2 Bd4+ 20. Kh2
f6 21. Be2 Rd6 22. Kg3 Rb6 23. b3 Re8 24. Kf3 Re7 25. Rh1 h6 26. Rc4 Bb2 27.
Rb1 Ba3 28. Bd3 Bd6 29. b4 a6 30. a4 Be5 31. a5 Rd6 32. b5 axb5 33. Rxb5 Ra6
34. Ra4 Rd7 35. Rc5 Ra7 36. a6 bxa6 37. Bxa6+ Kd8 38. Bb5 Rxa4 39. Bxa4 Rd6 40.
Bc6 Ke7 41. Rb5 Rd8 42. Ke2 Kf7 43. Kf3 Kg6 44. Rb1 Kg5 45. Rb3 h5 46. gxh5 Rh8
47. g4 g6 48. Bd7 gxh5 49. gxh5 Rxh5 50. Bf5 1/2-1/2

[Event "4NCL Division 4 South"]
[Site "Reading, ENG"]
[Date "2018.03.25"]
[Round "8.99"]
[White "Weersing, Abigail Riis"]
[Black "Shah, Kian"]
[Result "1/2-1/2"]
[WhiteElo "1450"]
[BlackElo "1472"]
[PlyCount "65"]
[EventDate "2018.03.25"]

1. d4 Nf6 2. c4 e6 3. Nf3 b6 4. e3 Bb7 5. Bd2 c5 6. Nc3 d5 7. cxd5 exd5 8. Bb5+
Nbd7 9. O-O a6 10. Be2 b5 11. dxc5 Nxc5 12. a3 Rc8 13. Rc1 Bd6 14. Nd4 Qd7 15.
h3 Be5 16. Re1 O-O 17. Ra1 Bxd4 18. exd4 Nce4 19. Bf3 Rfe8 20. Rc1 Rc4 21. Be3
Rec8 22. Qd3 Qf5 23. Red1 R8c7 24. Bxe4 dxe4 25. Qe2 Nd5 26. Nxd5 Bxd5 27. Qg4
Qxg4 28. hxg4 f6 29. Bf4 R7c6 30. Be3 Rc2 31. Rxc2 Rxc2 32. Rd2 Rc4 33. Kh2
1/2-1/2

[Event "4NCL Division 4 South"]
[Site "Reading, ENG"]
[Date "2018.03.25"]
[Round "8.99"]
[White "Gurjar, Roshan"]
[Black "Weersing, Nathan"]
[Result "0-1"]
[WhiteElo "1295"]
[BlackElo "1465"]
[PlyCount "46"]
[EventDate "2018.03.25"]

1. e4 e6 2. d4 d5 3. exd5 exd5 4. Bf4 Nf6 5. Bd3 Be6 6. Nf3 Bd6 7. Bg3 O-O 8.
Nc3 Bg4 9. O-O c6 10. Re1 Qc7 11. Be2 Nbd7 12. a3 Nh5 13. Qd2 Nxg3 14. hxg3 Nf6
15. Ne5 Bxe2 16. Rxe2 a6 17. f4 c5 18. Kh2 cxd4 19. Qxd4 Bc5 20. Qd3 Rad8 21.
Rd1 Qd6 22. Red2 Ne4 23. Nxe4 Qh6# 0-1

[Event "4NCL Division 4 South"]
[Site "Reading, ENG"]
[Date "2018.03.25"]
[Round "8.99"]
[White "Heard, Andrew H"]
[Black "Willmoth, Harrison"]
[Result "0-1"]
[WhiteElo "1910"]
[BlackElo "1892"]
[PlyCount "120"]
[EventDate "2018.03.25"]

1. d4 d6 2. e4 Nf6 3. Nc3 c6 4. Bc4 b5 5. Bd3 b4 6. Nce2 e5 7. dxe5 dxe5 8. Nf3
Qc7 9. O-O Be7 10. Ng3 O-O 11. b3 c5 12. Bb2 Bd6 13. Nh4 Nc6 14. Nhf5 Bxf5 15.
Nxf5 Nd4 16. Nxd6 Qxd6 17. Qd2 Nd7 18. f4 f6 19. Rad1 Nb6 20. c3 bxc3 21. Bxc3
Rfd8 22. Kh1 Rd7 23. fxe5 fxe5 24. Be2 Qg6 25. Qe3 Rad8 26. Bxd4 cxd4 27. Qf3
Rd6 28. Bd3 Rf6 29. Qe2 Rdf8 30. Rxf6 Qxf6 31. Kg1 h6 32. Qd2 Qf4 33. Qxf4 Rxf4
34. Rc1 Rf7 35. a4 Kf8 36. a5 Nd7 37. Bb5 Re7 38. b4 Nf6 39. Bd3 Rb7 40. b5 Ke7
41. h3 Kd7 42. Kf2 Rc7 43. Rxc7+ Kxc7 44. g4 Nd7 45. Bc4 Kd6 46. Bd5 Kc5 47.
Bc6 Nb8 48. Be8 g5 49. Ke2 a6 50. bxa6 Nxa6 51. Kd3 Kb4 52. Bc6 Nc5+ 53. Kd2
Kxa5 54. Bd5 Kb4 55. Kc2 Na4 56. Kd3 Nc3 57. Bb7 Nd1 58. Ke2 Ne3 59. Kf2 Kc3
60. Ba6 Nc4 0-1

[Event "4NCL Division 4 South"]
[Site "Reading, ENG"]
[Date "2018.03.25"]
[Round "8.99"]
[White "Kesterson, Kennan"]
[Black "Wilson, Robin M"]
[Result "0-1"]
[WhiteElo "1750"]
[BlackElo "1870"]
[PlyCount "110"]
[EventDate "2018.03.25"]

1. e4 Nf6 2. e5 Nd5 3. d4 d6 4. Nf3 Bg4 5. exd6 cxd6 6. c4 Nb6 7. Be2 g6 8. Nc3
Bg7 9. h3 Bxf3 10. Bxf3 Nc6 11. Bxc6+ bxc6 12. Qd3 O-O 13. O-O d5 14. cxd5 Nxd5
15. Rd1 Qd7 16. Bg5 Rfe8 17. Qf3 Rad8 18. Rd2 Qb7 19. Re1 Rd7 20. Ne4 Qb4 21.
a3 Qd6 22. Nxd6 Rxd6 23. Bf4 Rf6 24. Re4 g5 25. Qb3 gxf4 26. Qb7 Rd6 27. Rc2
Red8 28. Rxc6 R6d7 29. Qb3 e6 30. Qc2 Kf8 31. Rc8 Ke7 32. Qc5+ Ke8 33. Rxd8+
Kxd8 34. Qa5+ Ke7 35. Kf1 f5 36. Re2 Bxd4 37. Qa6 Rd6 38. Qd3 Bxb2 39. Rxb2
Ne3+ 40. Ke2 Rxd3 41. Kxd3 Nxg2 42. Rb7+ Kf6 43. Rxa7 e5 44. f3 Ne1+ 45. Ke2
Nc2 46. a4 Nd4+ 47. Kf2 e4 48. fxe4 fxe4 49. Ra5 e3+ 50. Ke1 f3 51. Rc5 f2+ 52.
Kf1 Nf3 53. Ke2 Nd4+ 54. Kf1 Nb3 55. Rc6+ Ke5 0-1

[Event "4NCL Division 4 South"]
[Site "Reading, ENG"]
[Date "2018.03.25"]
[Round "8.99"]
[White "Gazes, Matthew"]
[Black "Orgler, Lukas"]
[Result "1-0"]
[WhiteElo "1782"]
[BlackElo "1615"]
[PlyCount "45"]
[EventDate "2018.03.25"]

1. c4 c6 2. e4 e6 3. d4 Bb4+ 4. Bd2 Bxd2+ 5. Qxd2 d5 6. Nc3 dxe4 7. Nxe4 Nf6 8.
Nc3 O-O 9. Nf3 Qa5 10. Bd3 Rd8 11. O-O-O c5 12. dxc5 Nc6 13. Qg5 h6 14. Qf4
Qxc5 15. g4 Bd7 16. g5 e5 17. Qh4 Nd4 18. gxf6 Nxf3 19. Qg3 Ng5 20. h4 Ne6 21.
Ne4 Qc7 22. fxg7 Nxg7 23. Rhg1 1-0

[Event "4NCL Division 4 South"]
[Site "Reading, ENG"]
[Date "2018.03.25"]
[Round "8.99"]
[White "Vaidya, Raghav"]
[Black "Stebbings, Robert J"]
[Result "1/2-1/2"]
[WhiteElo "1570"]
[BlackElo "1622"]
[PlyCount "52"]
[EventDate "2018.03.25"]

1. e4 c5 2. c3 d6 3. d4 cxd4 4. cxd4 g6 5. Nf3 Bg7 6. Be3 Nf6 7. Nc3 O-O 8. Bd3
e6 9. O-O Nc6 10. a3 a6 11. Qd2 Re8 12. Rfe1 b5 13. b4 Bb7 14. Rac1 Rc8 15. Ne2
Qd7 16. Ng3 Ng4 17. h3 Nxe3 18. Qxe3 Rc7 19. Rc2 Rec8 20. Rec1 Ne7 21. Rxc7
Rxc7 22. Rxc7 Qxc7 23. Qd2 Nc8 24. Qc2 Qxc2 25. Bxc2 Nb6 26. Bd3 Kf8 1/2-1/2

[Event "4NCL Division 4 South"]
[Site "Reading, ENG"]
[Date "2018.03.25"]
[Round "8.99"]
[White "Ellis, Bryan Timothy"]
[Black "Sanfey, Gregor"]
[Result "0-1"]
[WhiteElo "1317"]
[BlackElo "1562"]
[PlyCount "146"]
[EventDate "2018.03.25"]

1. d4 Nf6 2. Nf3 g6 3. e3 Bg7 4. Bd3 O-O 5. O-O c5 6. b3 cxd4 7. exd4 b6 8.
Nbd2 Nc6 9. Bb2 Bb7 10. Qe2 Nb4 11. c3 Nxd3 12. Qxd3 e6 13. Nc4 Ba6 14. Ba3 Re8
15. Bd6 Bf8 16. Be5 d5 17. Bg3 dxc4 18. bxc4 Rc8 19. Ne5 Nd7 20. Qe4 Nxe5 21.
Bxe5 Bg7 22. Bg3 Bxc4 23. Rfd1 Bd5 24. Qe3 Bf8 25. Qd2 Bd6 26. Be5 Bxe5 27.
dxe5 Qc7 28. Re1 Qxc3 29. Qg5 Bxa2 30. Rac1 Qb4 31. Red1 Rxc1 32. Rxc1 Qe7 33.
Qd2 Bd5 34. h3 Kg7 35. g3 h6 36. Kh2 Qg5 37. Qc3 Re7 38. Re1 Qf5 39. Kg1 Qf3
40. Qxf3 Bxf3 41. Re3 Bd5 42. Ra3 Rc7 43. Ra1 Bf3 44. Re1 Rd7 45. Kf1 Rd1 46.
Rxd1 Bxd1 47. Ke1 Bf3 48. Kd2 f6 49. Ke3 a5 50. exf6+ Kxf6 51. Kd2 Kf5 52. Kc3
Bg4 53. hxg4+ Kxg4 54. Kc4 Kf3 55. Kb5 Kxf2 56. g4 e5 57. Kxb6 e4 58. Kxa5 e3
59. Kb5 e2 60. Kc5 e1=Q 61. Kd5 Qe3 62. Kd6 Qe4 63. Kc5 Qd3 64. Kc6 Qd4 65. Kb5
Qc3 66. Kb6 Qc4 67. Ka5 Qb3 68. Ka6 Qb4 69. Ka7 Ke3 70. Ka6 Kd4 71. Ka7 Kc5 72.
Ka8 Kc6 73. Ka7 Qb7# 0-1

[Event "4NCL Division 4 South"]
[Site "Reading, ENG"]
[Date "2018.03.25"]
[Round "8.99"]
[White "Angelopoulos, Andreas"]
[Black "Couchman, Andrew"]
[Result "1-0"]
[WhiteElo "1532"]
[BlackElo "1152"]
[PlyCount "83"]
[EventDate "2018.03.25"]

1. d4 d5 2. c4 c6 3. Nc3 dxc4 4. Bf4 b5 5. e3 Nf6 6. Nf3 Bf5 7. Be2 e6 8. O-O
Be7 9. a4 Nd5 10. axb5 Nxc3 11. bxc3 cxb5 12. Qd2 O-O 13. Ne5 f6 14. Nf3 Nc6
15. Qb2 Qb6 16. Ra2 a6 17. Bxc4 Rfd8 18. Rfa1 Rd7 19. Bxb5 Rda7 20. Bc4 Qxb2
21. Rxb2 a5 22. Nh4 Kf8 23. Nxf5 exf5 24. Bd5 Ra6 25. h3 h5 26. f3 g5 27. Bg3
h4 28. Bh2 a4 29. Rba2 a3 30. c4 Kg7 31. c5 Kg6 32. Bxc6 Rxc6 33. Rxa3 Rxa3 34.
Rxa3 Bxc5 35. Rc3 Kf7 36. Rxc5 Rxc5 37. dxc5 Ke7 38. c6 Kd8 39. Bd6 Kc8 40. Kf2
Kd8 41. g3 hxg3+ 42. Kxg3 1-0

[Event "4NCL Division 4 South"]
[Site "Reading, ENG"]
[Date "2018.03.25"]
[Round "8.99"]
[White "Pott, Laurie"]
[Black "Shaw, Meyrick"]
[Result "0-1"]
[WhiteElo "1794"]
[BlackElo "1941"]
[PlyCount "68"]
[EventDate "2018.03.25"]

1. d4 d5 2. Bf4 c5 3. c3 Nc6 4. e3 Bf5 5. Nf3 e6 6. Bd3 Bg6 7. O-O Nf6 8. Qc2
Rc8 9. Nbd2 Be7 10. Rae1 O-O 11. Qb1 Qb6 12. Bxg6 hxg6 13. Ne5 Nxe5 14. Bxe5
Nd7 15. Bg3 Qa6 16. f4 b5 17. Nf3 Nf6 18. Ng5 b4 19. Rc1 bxc3 20. bxc3 cxd4 21.
cxd4 Ba3 22. Rxc8 Rxc8 23. Qb3 Nd7 24. h4 Nb6 25. Rb1 Rc4 26. Be1 Be7 27. Nf3
Ra4 28. Rb2 Ra3 29. Qb5 Qxb5 30. Rxb5 Rxa2 31. Ba5 Nc4 32. Rb8+ Kh7 33. Bd8
Bxd8 34. Rxd8 f6 0-1

[Event "4NCL Division 4 South"]
[Site "Reading, ENG"]
[Date "2018.03.25"]
[Round "8.99"]
[White "Cherupalli, Ramprasad"]
[Black "Jones, Robert L"]
[Result "0-1"]
[WhiteElo "1937"]
[BlackElo "1819"]
[PlyCount "88"]
[EventDate "2018.03.25"]

1. Nf3 Nf6 2. c4 c5 3. g3 Nc6 4. Bg2 d5 5. cxd5 Nxd5 6. Nc3 Nxc3 7. bxc3 e5 8.
Qa4 Bd7 9. Qe4 Bd6 10. d4 Qe7 11. d5 Na5 12. c4 f5 13. Qc2 e4 14. Nd2 O-O 15.
e3 b5 16. Bf1 b4 17. Be2 Rab8 18. O-O Qe8 19. Bd1 Nb7 20. f3 Be5 21. Bb2 exf3
22. Rxf3 Nd6 23. Rb1 Nf7 24. Bc1 Ng5 25. Rf1 f4 26. gxf4 Bf5 27. Qb3 Nh3+ 28.
Kh1 Bxb1 29. Qxb1 Bc3 30. Ne4 Rb6 31. Nxc5 Qc8 32. Ne6 Qxc4 33. Rf3 Rf6 34. Qb3
Qe4 35. Kg2 Rg6+ 36. Ng5 Nxg5 37. fxg5 Rbd6 38. Kf2 Qh4+ 39. Rg3 Qxh2+ 40. Rg2
Qh4+ 41. Ke2 Rxg5 42. Rf2 Rgxd5 43. Rf4 Qh5+ 44. Kf2 Qxd1 0-1

[Event "4NCL Division 4 South"]
[Site "Reading, ENG"]
[Date "2018.03.25"]
[Round "8.99"]
[White "Goldsmith, Rory"]
[Black "Cook, Brian"]
[Result "1/2-1/2"]
[WhiteElo "1690"]
[BlackElo "1840"]
[PlyCount "70"]
[EventDate "2018.03.25"]

1. c4 Nf6 2. d4 e6 3. Nf3 d5 4. cxd5 exd5 5. a3 a5 6. Nc3 Be7 7. h3 O-O 8. Bf4
c6 9. e3 Nbd7 10. Bd3 Ne8 11. Qc2 Ndf6 12. O-O Kh8 13. Rfc1 Nd6 14. Nd2 Nh5 15.
Bh2 f5 16. Be2 Qe8 17. Qd1 Nf6 18. Rab1 Qg6 19. Kh1 Nfe4 20. Ndxe4 fxe4 21. Bf1
Rxf2 22. Ne2 Rf7 23. Nf4 Qh6 24. b4 g5 25. Nh5 g4 26. Be5+ Kg8 27. Nf4 g3 28.
b5 Bd7 29. bxc6 bxc6 30. Qe1 Nf5 31. Rb3 a4 32. Rbc3 Bd8 33. Qe2 Ne7 34. Rb1
Ng6 35. Nxg6 Qxg6 1/2-1/2

[Event "4NCL Division 4 South"]
[Site "Reading, ENG"]
[Date "2018.03.25"]
[Round "8.99"]
[White "O'Byrne, Daniel"]
[Black "Norman, Dinah M"]
[Result "1/2-1/2"]
[WhiteElo "1688"]
[BlackElo "1702"]
[PlyCount "62"]
[EventDate "2018.03.25"]

1. d4 d5 2. Nf3 Nf6 3. e3 g6 4. c4 c6 5. cxd5 cxd5 6. Nc3 Bg7 7. Bd3 Nc6 8. O-O
O-O 9. a3 Bg4 10. h3 Bxf3 11. Qxf3 e6 12. Bd2 a6 13. Rac1 Na5 14. Qd1 Rc8 15.
b4 Nc4 16. Bxc4 Rxc4 17. Na4 Rxc1 18. Bxc1 Qd7 19. Qb3 Ne4 20. Nc5 Nxc5 21.
dxc5 Rc8 22. Bb2 Bxb2 23. Qxb2 Qb5 24. Ra1 Rxc5 25. e4 Rc8 26. exd5 exd5 27.
Qe5 Rd8 28. Rc1 Re8 29. Qd6 Re6 30. Rc8+ Re8 31. Rxe8+ Qxe8 1/2-1/2

[Event "4NCL Division 4 South"]
[Site "Reading, ENG"]
[Date "2018.03.25"]
[Round "8.99"]
[White "Ryan, John"]
[Black "Dray-Pearce, Tristan"]
[Result "0-1"]
[WhiteElo "1532"]
[BlackElo "1651"]
[PlyCount "42"]
[EventDate "2018.03.25"]

1. d4 Nf6 2. Nf3 g6 3. Bf4 d6 4. Qd2 Nbd7 5. Nc3 h6 6. h3 Bg7 7. e3 c5 8. Bb5
Qb6 9. O-O O-O 10. Bxd7 Bxd7 11. Rab1 cxd4 12. exd4 Kh7 13. Be3 Qa5 14. d5 Rfc8
15. Nd4 Nxd5 16. f4 Nxc3 17. bxc3 Qxc3 18. Qf2 Bxd4 19. Bxd4 Qxc2 20. Qh4 Bc6
21. Rb2 Qe4 0-1

[Event "4NCL Division 4 South"]
[Site "Reading, ENG"]
[Date "2018.03.25"]
[Round "8.99"]
[White "Headlong, Georgia"]
[Black "Thatte, Nandinee"]
[Result "1-0"]
[WhiteElo "1585"]
[BlackElo "1254"]
[PlyCount "59"]
[EventDate "2018.03.25"]

1. e4 d5 2. exd5 Qxd5 3. Nc3 Qa5 4. d4 Nf6 5. Nf3 c6 6. Bd3 Bg4 7. h3 Bh5 8. g4
Bg6 9. Bxg6 hxg6 10. Bd2 Nbd7 11. Ne2 Qb6 12. Bc3 e6 13. Rb1 Bd6 14. Nd2 Qc7
15. Nc4 Be7 16. Ng3 Nb6 17. Nd2 Nbd5 18. Nde4 Nxc3 19. bxc3 Rb8 20. Nxf6+ Bxf6
21. Qf3 Qa5 22. O-O Rxh3 23. Kg2 Rh8 24. Rh1 Ke7 25. Rxh8 Rxh8 26. Rxb7+ Kd6
27. Ne4+ Kd5 28. Nxf6+ Kc4 29. Qe2+ Kxc3 30. Qd3# 1-0

[Event "4NCL Division 4 South"]
[Site "Reading, ENG"]
[Date "2018.03.25"]
[Round "8.99"]
[White "Angelopoulos, Nicos"]
[Black "Wolstenholme, Otis"]
[Result "1/2-1/2"]
[WhiteElo "1545"]
[BlackElo "1277"]
[PlyCount "23"]
[EventDate "2018.03.25"]

1. e4 e6 2. d4 d5 3. Nd2 Nf6 4. e5 Nfd7 5. f4 c5 6. c3 Nc6 7. Ngf3 cxd4 8. Nxd4
Nxd4 9. cxd4 Qb6 10. Nf3 Be7 11. Bd3 f6 12. Qc2 1/2-1/2

[Event "4NCL Division 4 South"]
[Site "Reading, ENG"]
[Date "2018.03.25"]
[Round "8.99"]
[White "Carter, Gavin"]
[Black "Sezer, Steve"]
[Result "1-0"]
[WhiteElo "1270"]
[BlackElo "1510"]
[PlyCount "71"]
[EventDate "2018.03.25"]

1. c4 Nf6 2. Nf3 e6 3. Nc3 b6 4. g3 Bb7 5. Bg2 Bb4 6. O-O Nc6 7. a3 Bxc3 8.
dxc3 O-O 9. Be3 Rb8 10. Qc2 Ne7 11. Ng5 Nf5 12. Bd4 Nxd4 13. cxd4 Bxg2 14. Kxg2
h6 15. Nf3 Qe7 16. Rad1 d5 17. Ne5 Qd6 18. Qa4 Rb7 19. Qc6 Qxc6 20. Nxc6 Re8
21. Rc1 Ne4 22. Rc2 dxc4 23. d5 Nd6 24. dxe6 fxe6 25. f3 Nf5 26. Kf2 e5 27. e4
Nd4 28. Rxc4 Nxc6 29. Rxc6 Kf7 30. Rfc1 Rc8 31. Ke3 Ke7 32. f4 Kd7 33. f5 Rf8
34. Rg6 Rf7 35. Rd1+ Ke7 36. Re6+ 1-0

[Event "4NCL Division 4 South"]
[Site "Reading, ENG"]
[Date "2018.03.25"]
[Round "8.99"]
[White "Karas, Eugenia"]
[Black "Dave, Dirghayush J"]
[Result "1-0"]
[WhiteElo "1457"]
[BlackElo "1322"]
[PlyCount "89"]
[EventDate "2018.03.25"]

1. e4 e5 2. Nf3 Nc6 3. Bc4 Nf6 4. d3 Bc5 5. O-O d6 6. h3 O-O 7. Bg5 h6 8. Bh4
Ne7 9. Bxf6 gxf6 10. c3 Ng6 11. d4 Bb6 12. b4 Nf4 13. a4 Bd7 14. a5 Qc8 15. Nh2
Bxh3 16. gxh3 Qxh3 17. Qf3 Qh4 18. Qg3+ Qg5 19. Qxg5+ fxg5 20. axb6 Kh8 21.
Rxa7 Rxa7 22. bxa7 Kg7 23. Nd2 Ra8 24. Ra1 Nh3+ 25. Kg2 Nf4+ 26. Kf1 c6 27.
dxe5 b5 28. Bb3 Nd3 29. exd6 Ne5 30. Ndf3 Nd7 31. Ng4 f6 32. e5 fxe5 33. Nfxe5
Nb6 34. d7 h5 35. Ne3 h4 36. Nxc6 h3 37. Kg1 Rh8 38. d8=Q Rxd8 39. Nxd8 Kh6 40.
c4 Kh5 41. c5 Na8 42. Bd5 Kh4 43. Bxa8 g4 44. Nxg4 Kxg4 45. Bh1 1-0

[Event "4NCL Division 4 South"]
[Site "Reading, ENG"]
[Date "2018.03.25"]
[Round "8.99"]
[White "Carter, Rebecca"]
[Black "Savas, Stoica M"]
[Result "1-0"]
[WhiteElo "1187"]
[BlackElo "1330"]
[PlyCount "63"]
[EventDate "2018.03.25"]

1. c4 Nf6 2. g3 e6 3. Bg2 d5 4. cxd5 exd5 5. e3 Bf5 6. Nc3 c6 7. Nf3 Nbd7 8.
O-O Be7 9. d4 O-O 10. Bd2 Re8 11. Qe2 Bb4 12. a3 Bxc3 13. Bxc3 Ne4 14. Nd2 Ndf6
15. Bxe4 Nxe4 16. f3 Nxc3 17. bxc3 Qe7 18. Rfe1 Bg6 19. c4 dxc4 20. Nxc4 Rad8
21. Rad1 f6 22. Qb2 Bf7 23. Na5 Rd7 24. Rb1 c5 25. dxc5 Rd3 26. Nxb7 Rb8 27.
Qb4 Rxe3 28. c6 Rxe1+ 29. Rxe1 Qxb4 30. axb4 Bd5 31. c7 Rc8 32. Nd6 1-0

[Event "4NCL Division 4 South"]
[Site "Reading, ENG"]
[Date "2018.03.25"]
[Round "8.99"]
[White "Willmoth, Kate"]
[Black "Sheng, Benjamin"]
[Result "1-0"]
[WhiteElo "1380"]
[BlackElo "1112"]
[PlyCount "105"]
[EventDate "2018.03.25"]

1. e4 d5 2. exd5 Nf6 3. Nc3 c6 4. dxc6 Nxc6 5. Nf3 e5 6. Bb5 Bc5 7. Nxe5 Bd7 8.
Nxd7 Qxd7 9. Bxc6 Qxc6 10. O-O O-O 11. a3 Bb6 12. b4 Bd4 13. Bb2 Ne4 14. Nxe4
Bxb2 15. Ra2 Qxe4 16. Rxb2 Rfe8 17. d3 Qe2 18. Rb1 Qxd1 19. Rbxd1 Rac8 20. c4
Re2 21. Rfe1 Ra2 22. Ra1 Rd2 23. Re3 a6 24. Kf1 Rc2 25. Rae1 h6 26. Re8+ Rxe8
27. Rxe8+ Kh7 28. Re2 Rc1+ 29. Re1 Rc2 30. a4 Ra2 31. Rb1 b5 32. axb5 axb5 33.
cxb5 Ra5 34. Ke2 Rxb5 35. d4 Kg6 36. Ke3 Kf6 37. g4 g5 38. Kd3 Ke6 39. Kc4 Rb7
40. Ra1 Kd6 41. Ra6+ Kc7 42. Kc5 Kb8 43. Rb6 Kc7 44. Rxb7+ Kxb7 45. b5 Kc7 46.
d5 Kb7 47. b6 Kc8 48. Kc6 Kb8 49. d6 Kc8 50. d7+ Kd8 51. Kd6 f5 52. gxf5 g4 53.
b7 1-0

[Event "4NCL Division 4 South"]
[Site "Reading, ENG"]
[Date "2018.03.25"]
[Round "8.99"]
[White "Ibrahim, Amir"]
[Black "Wolstenholme, Scarlet"]
[Result "0-1"]
[WhiteElo "1045"]
[BlackElo "1255"]
[PlyCount "114"]
[EventDate "2018.03.25"]

1. e4 e5 2. Nf3 Nc6 3. Bc4 Bc5 4. O-O Nf6 5. d3 h6 6. Nc3 O-O 7. h3 d6 8. Be3
Nd4 9. Bxd4 exd4 10. Nd5 Nxd5 11. Bxd5 Qf6 12. Nh2 c6 13. Bc4 d5 14. exd5 Bd6
15. dxc6 Bxh2+ 16. Kxh2 bxc6 17. Rc1 Bb7 18. c3 c5 19. f3 Qg6 20. cxd4 Rfe8 21.
dxc5 Re7 22. Re1 Rae8 23. Rxe7 Rxe7 24. Rc2 Qf6 25. d4 Qf4+ 26. Kg1 Qg3 27. Bd3
Re1+ 28. Qxe1 Qxe1+ 29. Kh2 Qd1 30. Bf5 g6 31. Bxg6 fxg6 32. Rc3 Bc6 33. Ra3
Qxd4 34. Rxa7 Qe5+ 35. Kh1 Qxc5 36. Ra6 Qc1+ 37. Kh2 Bb7 38. Rxg6+ Kf7 39. Rb6
Qc7+ 40. Kg1 Qxb6+ 41. Kh2 Qxb2 42. Kg3 Qxa2 43. Kf4 Qxg2 44. Ke5 Qxf3 45. h4
Qe4+ 46. Kd6 Qxh4 47. Kc7 Qe7+ 48. Kb6 h5 49. Ka7 h4 50. Kb6 h3 51. Ka7 h2 52.
Kb8 h1=R 53. Ka7 Qc5+ 54. Kb8 Qc8+ 55. Ka7 Qc6 56. Kb8 Rh8+ 57. Ka7 Qa6# 0-1